000 00351nam a2200145Ia 4500
008 090124s9999 xx 000 0 und d
082 _b301265
245 _a खानदान
250 _a1
260 _bरानडे जयंत
_c1985
300 _a195
630 _a खानदान
730 _a खानदान
942 _cBOOK
999 _c190819
_d190819